Boeing 737 Variants - Statistics

General Stats
  • This quiz has been taken 145 times
    51 since last reset
  • The average score is 16 of 28
Answer Stats
Hint Answer % Correct
1967 737-100
100%
1967 737-200
100%
1984 737-300
100%
1988 737-400
100%
1989 737-500
100%
1998 737-600
100%
1997 737-700
100%
1997 737-800
100%
2000 737-900
96%
2016 737 MAX 8
96%
2017 737 MAX 9
96%
2021 737 MAX 10
93%
2018 737 MAX 7
93%
2006 737-900ER
75%
2006 737-700ER
50%
1968 737-200C
43%
1971 737-200adv
39%
2000 737-700C
36%
2018 737-800BCF
25%
2014 737 MAX 200
18%
2000 737-900F
14%
1997 737-800SF
11%
1998 737-BBJ1
7%
2001 737-BBJ2
7%
2018 737 BBJ 2 MAX
7%
1998 737-BBJ3
7%
2016 737 BBJ 3 MAX
7%
2009 737-BBJC
7%
No matching quizzes found
Score Distribution
Percent of People with Each Score
Percentile by Number Answered
Your Score History
You have not taken this quiz since the last reset